000
00332 a2200157 4500
001
111503
041
_a
por
090
_a
DVD 0117
245
1
0
_a
Bolt Supercão
250
_a
. ed.
300
_a
Colorido
697
_a
DVD Infantil.
040
_a
BR-BrIDEA
_c
BR-BrIDEA
260
_a
[S.l.]
_b
Buena Vista Home
_c
2008
942
_c
CF
999
_c
111503
_d
111503